000 00330nam a2200145Ia 4500
005 20251222144846.0
008 251222s9999||||xx |||||||||||||| ||spa||
020 _a9972847616
082 _a863.6/R84/2005
100 _aRosas, Patrick
245 0 _aSombras
250 _a1ra. ed.
264 _bSantillana, S. A.
942 _cLIB
999 _c21421
_d21421